United States protocol <the> guide to official diplomatic etiquette

Salvato in:
Dettagli Bibliografici
Autore principale: French, Mary Mel
Natura: Libro
Lingua:inglese
Pubblicazione: Lanham Rowman & Littlefield Publishers 2010
Soggetti:
Tags: Aggiungi Tag
Nessun Tag, puoi essere il primo ad aggiungerne!!

MARC

LEADER 00000nam a2200000 4500
001 0143333
005 20240313133625.8
020 |a 978-1-4422-0319-8 
041 0 |a eng 
044 |a US 
245 1 0 |a United States protocol  |b <the> guide to official diplomatic etiquette  |c Mary Mel French ; foreword by: William Jefferson Clinton 
264 1 |a Lanham  |b Rowman & Littlefield Publishers  |c 2010 
300 |a 445 s. 
610 2 0 |a diplomacia 
610 2 0 |a diplomati 
610 2 0 |a prezidenti 
610 2 0 |a etiketa 
610 2 0 |a USA 
100 1 |a French, Mary Mel